[Event "CZE-tht Extraliga 2018-19"]
[Site "Czech Republic"]
[Date "2018.12.02"]
[Round "4"]
[White "Vesselovsky, Serguei"]
[Black "Petr, Martin"]
[Result "1-0"]
[WhiteElo "2332"]
[BlackElo "2448"]
[Annotator "TA"]
[PlyCount "139"]
[EventDate "2018.11.03"]
[EventType "team-tourn"]
[EventCountry "CZE"]
[SourceTitle "playchess.com"]
[Source "ChessBase"]
[SourceQuality "1"]
[WhiteTeam "Beskydska"]
[BlackTeam "Pardubice"]

{[%evp 22,139,6,12,11,14,15,-1,27,24,24,27,30,15,53,47,46,45,50,45,79,84,76,75,184,173,427,425,493,475,483,254,243,260,272,272,272,253,266,250,245,212,229,230,229,224,227,222,220,214,218,198,274,214,214,198,198,195,177,163,317,302,301,279,400,400,325,324,450,408,422,407,1112,1056,1399,1358,1578,1299,6637,1465,29958,29963,29956,29961,29969,29964,29973,29974,29974,29975,29976,29977,29976,29977,29979,29978,29979,29978,29977,29976,29976,252,252,0,29971,0,29975,29978,29976,29979,29979,29980,29980,29981,29981,29982,29982,29983,29983,29983]} 1. e4 c5 2. Ne2 Nc6 3. Nbc3 g6 4. d4 cxd4 5. Nxd4 Bg7 6. Be3 Nf6 7. Be2 O-O 8. O-O d6 9. Qd2 a6 10. f4 Bd7 11. Nb3 {B73: Sicilian Dragon: Classical System without 9 Nb3} (11. Rad1 Rc8 12. Nxc6 Bxc6 13. Bd4 Nd7 14. Bg4 b5 15. a3 Bxd4+ 16. Qxd4 f5 17. exf5 gxf5 18. Bf3 Qb6 19. Nd5 Qxd4+ 20. Rxd4 {½-½ (61) Rathanvel,V (2292)-Tukhaev,A (2551) Bhubaneswar 2018}) 11... Rc8 12. h3 {LiveBook: 3 Games} b5 13. a3 {The position is equal.} Be6 14. Nd4 Bc4 $146 ({Predecessor:} 14... Bd7 15. g4 Na5 16. Rad1 Nc6 17. Kh2 Nxd4 18. Bxd4 e5 19. Be3 {1-0 (71) Kudelka,J-Rydzewski,S Brody Ilzeckie 2003}) 15. Bxc4 bxc4 16. Nxc6 Rxc6 17. Bd4 e5 18. Be3 exf4 19. Rxf4 Nd7 20. Raf1 {Black must now prevent Rxf7!} Bh6 21. Nd5 Bxf4 22. Bxf4 Re8 (22... c3 $16 23. bxc3 Nf6) 23. Bg5 $36 {[%mdl 2048] White is on the roll.} Qb8 $2 (23... Qa8 {was necessary.}) 24. Qf4 f6 25. Bxf6 Ne5 26. Kh2 (26. Be7 $142 Rcc8 27. Nf6+ Kf7 28. Nd7+ {[%mdl 64] Discovered Attack} Kxe7 29. Nxb8 Rxb8 30. Qh4+ Ke6 31. Rf6+ Kd7 32. Qxh7+ Re7 33. Qh6) 26... Rc7 27. Nxc7 Qxc7 28. Bxe5 dxe5 {[%mdl 4096] Endgame KQR-KQR} 29. Qf6 a5 30. b4 cxb3 31. cxb3 Qe7 32. Qxe7 Rxe7 {KR-KR} 33. b4 axb4 34. axb4 Rb7 35. Rb1 Kf7 36. Kg3 Ke6 (36... Rb5 $142 37. Kh4 h6) 37. b5 Kd6 38. Rd1+ Ke6 39. Rd5 Ra7 {[#]} 40. Rd3 $1 Ra4 $2 (40... Rb7) 41. Rb3 Kd7 42. Kf3 Kc7 (42... Ra5 {was worth a try.} 43. b6 Kc8 44. Rc3+ Kb7) 43. Rd3 Ra8 44. Rd5 Re8 45. Kg4 h6 46. h4 Kb6 (46... Re7 $142 47. Rc5+ Kd7) 47. Rd6+ {[%mdl 64] Double Attack} Kxb5 48. Rxg6 Kc5 49. Rxh6 Rf8 50. h5 (50. Kg5 $142 Kd4 51. h5) 50... Kd4 51. Kg5 Kxe4 52. Rf6 Rh8 53. h6 {[%cal Bh5h6,Bh6h7][%mdl 32]} Kd5 54. g4 e4 55. Kg6 e3 56. Rf1 Rg8+ 57. Kh5 Ra8 58. h7 Ra2 59. Kg6 Ra6+ 60. Kg7 Ra7+ 61. Kg8 $2 (61. Kh6 {mates} Ra6+ 62. Kh5 Ra8 63. g5 e2 64. Re1 Rh8 65. g6 Ke4 66. Rxe2+ Kd3 67. Rg2) 61... Ra8+ 62. Kg7 $2 (62. Rf8 $18 Rxf8+ 63. Kxf8) 62... Ra7+ $1 63. Kg6 Ra6+ $1 {[#]} 64. Kg5 $1 {White mates.} Ra8 65. Rh1 e2 66. Re1 Ke6 67. Kg6 Ke5 68. Rxe2+ Kf4 69. Rh2 Ra6+ 70. Kf7 {Accuracy: White = 80%, Black = 41%.} 1-0

[Event "CZE-tht Extraliga 2018-19"]
[Site "Czech Republic"]
[Date "2018.12.02"]
[Round "4"]
[White "Studnicka, Tomas"]
[Black "Hollan, Martin"]
[Result "1/2-1/2"]
[WhiteElo "2309"]
[BlackElo "2374"]
[Annotator "TA"]
[PlyCount "99"]
[EventDate "2018.11.03"]
[EventType "team-tourn"]
[EventCountry "CZE"]
[SourceTitle "playchess.com"]
[Source "ChessBase"]
[SourceQuality "1"]
[WhiteTeam "Turnov"]
[BlackTeam "Cesky Tesin"]

{[%evp 25,99,23,9,11,50,24,24,0,-11,-21,0,0,0,-43,18,24,39,29,48,17,55,11,11,0,0,0,0,0,0,0,0,0,0,0,0,0,0,0,0,0,0,0,0,0,12,0,0,0,0,0,0,0,0,0,0,0,0,0,0,0,0,0,0,0,0,0,0,0,0,0,0,0,0,0,0,0]} 1. d4 Nf6 2. Nf3 g6 3. c4 Bg7 4. Nc3 O-O 5. e4 d6 6. Be2 e5 7. Be3 exd4 8. Nxd4 Re8 9. f3 c6 10. Bf2 d5 11. exd5 cxd5 12. O-O Nc6 13. c5 a6 {LiveBook: 5 Games. E92: King's Indian: Classical: 6 Be2 e5: 7 dxe5, 7 Be3 and Petrosian System without 7...Nbd7} 14. Re1 (14. Qd2 Qa5 15. Rfe1 Qxc5 16. Ne6 Qa5 17. Nxg7 Kxg7 18. a3 d4 19. Bxd4 Nxd4 20. Qxd4 Rd8 21. Qe3 {½-½ (60) Bluebaum,M (2631)-Carlsen,M (2843) Karlsruhe/Baden-Baden 2018}) 14... Be6 $146 ({Predecessor:} 14... Re5 15. Na4 Nh5 16. Nb6 Rb8 17. Qd2 Qg5 18. Qxg5 Rxg5 19. Nxc6 bxc6 20. g4 {1-0 (20) Gavrilov,A (2480)-Filinberg,D (2343) Moscow 2009}) 15. Bf1 Nd7 {White has an edge.} 16. Nxc6 bxc6 17. Bd4 Qh4 18. Bxg7 Kxg7 19. Qa4 Qf6 (19... Qxa4 $15 20. Nxa4 a5) 20. Qxc6 $11 Rec8 21. Qd6 Nxc5 22. Rad1 a5 23. Nxd5 Qxb2 {The position is equal.} 24. Nc7 Ra7 25. Nxe6+ Nxe6 26. Rd2 Qc3 {[#] And now ...Rd8 would win.} 27. Qe5+ Qxe5 (27... Kf8 {is interesting.} 28. Qxc3 Rxc3 29. Re5 Kg7 30. Rb5 Rc1) 28. Rxe5 a4 29. Kf2 a3 30. Re3 Rc1 31. Re1 Rac7 (31... Rcc7 {keeps more tension.} 32. Rb1 Rc3 33. Be2 Ra4 34. Rb7 Rd4) 32. Rxc1 Rxc1 {[%mdl 4096] Endgame KRB-KRN} 33. Bd3 Rc3 34. Ke3 Rc7 35. Be4 Re7 36. g4 Ng5 37. Rd5 Nxe4 38. fxe4 {KR-KR} Rb7 39. Ra5 Rb2 40. Rxa3 Rxh2 41. Ra5 Rh3+ 42. Kf2 Kf6 43. g5+ Ke6 44. a4 Ra3 45. Ra6+ Ke5 46. Ra7 Kxe4 47. Rxf7 Rxa4 48. Rxh7 {[#] aiming for Rh4+.} Kf5 49. Rb7 Kxg5 50. Kg3 {Accuracy: White = 65%, Black = 60%.} 1/2-1/2

[Event "CZE-tht Extraliga 2018-19"]
[Site "Czech Republic"]
[Date "2018.12.02"]
[Round "4"]
[White "Vyskocil, Neklan"]
[Black "Biolek, Richard Jr."]
[Result "1/2-1/2"]
[WhiteElo "2302"]
[BlackElo "2447"]
[Annotator "TA"]
[PlyCount "47"]
[EventDate "2018.11.03"]
[EventType "team-tourn"]
[EventCountry "CZE"]
[SourceTitle "playchess.com"]
[Source "ChessBase"]
[SourceQuality "1"]
[WhiteTeam "Duras"]
[BlackTeam "Ostrava"]

{[%evp 9,47,2,6,-8,7,-30,-14,-46,-38,-36,-32,-48,-39,-46,-29,-55,-5,-12,0,-8,15,18,9,-33,0,0,0,0,30,0,0,0,31,25,64,0,0,0,0,-35]} 1. d4 Nf6 2. Nf3 e6 3. g3 b5 4. Bg2 d5 5. O-O c5 {LiveBook: 61 Games} (5... Be7 6. Nbd2 O-O 7. Ne5 Bb7 8. Nb3 a5 9. a4 b4 10. c4 bxc3 {½-½ (10) Hera,I (2620)-Piorun,K (2633) Brest 2018}) 6. dxc5 {A46: 1 d4 Nf6 2 Nf3 e6: Torre, London and Colle Systems} Bxc5 7. b3 Nbd7 8. Bb2 Qb6 $146 ({Predecessor:} 8... O-O 9. e3 Bb7 10. Nbd2 b4 11. Qe2 Qb6 12. Rfc1 Rac8 13. Ne5 Nxe5 14. Bxe5 Nd7 15. Bb2 Be7 16. Bd4 {½-½ (16) Zilahi,G (2038)-Kozak,M (2211) Zalakaros 2011}) 9. e3 O-O 10. Re1 Bb7 11. Ne5 Nxe5 12. Bxe5 Ne4 13. Nd2 f6 14. Nxe4 fxe5 (14... dxe4 {is more complex.} 15. Bb2 a5 16. a4 b4 17. Bf1 Bd5) 15. Nxc5 Qxc5 16. Rc1 e4 17. Qd4 Rac8 {[%cal Ba8c8,Bc8c7,Bc7f7][%mdl 32]} 18. c3 Rc7 19. Bh3 {And now Qxc5 would win.} Bc8 20. Red1 Qc6 {Hoping for ...e5!} 21. Qe5 Rcf7 {[#]} 22. Rd2 (22. c4 $1 $14 {[%mdl 512]} bxc4 23. bxc4 dxc4 24. Rc2) 22... Qc7 $11 23. Qxc7 Rxc7 24. Bf1 {Accuracy: White = 46%, Black = 30%.} (24. c4 $5) 1/2-1/2

[Event "CZE-tht Extraliga 2018-19"]
[Site "Czech Republic"]
[Date "2018.12.02"]
[Round "4"]
[White "Rehorek, Martin"]
[Black "Cernousek, Lukas"]
[Result "0-1"]
[WhiteElo "2283"]
[BlackElo "2434"]
[Annotator "TA"]
[PlyCount "72"]
[EventDate "2018.11.03"]
[EventType "team-tourn"]
[EventCountry "CZE"]
[SourceTitle "playchess.com"]
[Source "ChessBase"]
[SourceQuality "1"]
[WhiteTeam "Siesta Solution Unichess B"]
[BlackTeam "Siesta Solution Unichess A"]

{[%evp 15,71,0,6,0,8,3,58,56,54,59,49,0,0,-34,-48,-47,-48,-37,-30,-31,-40,-16,90,19,30,-24,-10,-239,-232,-248,-241,-254,-235,-462,-462,-466,-467,-614,-627,-637,-622,-611,-610,-656,-655,-918,-769,-940,-940,-937,-762,-1095,-949,-1733,-1730,-29986,-29987,-29999]} 1. e4 c5 2. Nf3 d6 3. d4 Nf6 4. Nc3 cxd4 5. Nxd4 a6 6. Bg5 e6 7. Qf3 Nbd7 8. O-O-O Be7 {LiveBook: 50 Games} 9. h4 {B95: Sicilian Najdorf: 6 Bg5 e6, unusual White 7th moves} (9. g4 Qc7 10. Bd2 h6 11. a3 g6 12. Be2 e5 13. Nb3 Nb6 14. Qg2 Be6 15. f4 O-O-O 16. f5 gxf5 17. gxf5 {½-½ (31) Wilczek,T (2597)-Roubaud,D (2575) ICCF email 2012}) 9... h6 10. Be3 Ne5 (10... h5 $11) 11. Qg3 $14 {White is slightly better.} Qc7 12. Be2 ({Reject} 12. Qxg7 Rg8 $15) 12... h5 $146 ({Predecessor:} 12... Bd7 13. f4 Nc4 14. Bxc4 Qxc4 15. e5 dxe5 16. fxe5 Qc7 {½-½ (33) Cao,S (2300)-Gardner,R (2185) Budapest 1995}) 13. f4 Neg4 14. e5 dxe5 15. fxe5 Qxe5 16. Bf4 Qc5 17. Bxg4 hxg4 18. Bg5 Nh5 (18... b5 $11 {keeps the balance.}) 19. Bxe7 (19. Qxg4 $16 Nf6 20. Qf3) 19... Qxe7 $11 20. Qxg4 ({White should play} 20. Qe5) 20... e5 $36 {[%mdl 2112] [#] Discovered Attack. Black fights for an advantage.} 21. Nf5 $2 (21. Qg5 $1 $11) 21... Bxf5 $1 $19 {[%mdl 64] Overworked Piece} 22. Qxf5 Ng3 $1 {[%csl LRf5,LRh1,LRh4][%mdl 64] Double Attack} 23. Qg4 Nxh1 24. Qxg7 $2 (24. Rxh1 {is a better defense.} O-O 25. Qe2) 24... Qxh4 ({But not} 24... Rxh4 $2 25. Nd5 $18) 25. Qxe5+ Kf8 26. Nd5 Re8 27. Qc3 {intending Nf6.} Rh6 28. Qc5+ Kg8 29. b3 Nf2 30. Rd4 Ne4 {[#] Strongly threatening ...Qg5+.} 31. Qb4 Qg5+ 32. Kb2 Qe5 33. c3 Rg6 34. Qxb7 Kg7 35. Nb4 Rxg2+ 36. Ka3 Qa5# {Accuracy: White = 26%, Black = 67%.} 0-1

[Event "CZE-tht Extraliga 2018-19"]
[Site "Czech Republic"]
[Date "2018.12.02"]
[Round "4"]
[White "Obsivac, Josef"]
[Black "Caletka, Radomir"]
[Result "1/2-1/2"]
[WhiteElo "2271"]
[BlackElo "2285"]
[Annotator "TA"]
[PlyCount "131"]
[EventDate "2018.11.03"]
[EventType "team-tourn"]
[EventCountry "CZE"]
[SourceTitle "playchess.com"]
[Source "ChessBase"]
[SourceQuality "1"]
[WhiteTeam "Brno"]
[BlackTeam "Poruba"]

{[%evp 25,131,20,29,0,34,-9,16,-6,23,0,0,-33,-36,-66,-37,-65,-68,-135,-27,-114,-17,-42,-8,-20,-17,-51,-51,-50,-34,-46,-53,-49,-30,-38,0,0,0,0,5,0,60,37,78,50,70,35,53,-22,0,0,32,0,115,121,198,185,221,91,116,126,226,244,313,260,238,120,120,53,71,56,52,55,24,39,179,62,281,281,252,251,286,288,279,0,0,0,262,164,166,0,130,130,202,130,525,515,276,0,0,0,0,0,0,0,0,0,0,0]} 1. Nf3 Nf6 2. g3 g6 3. Bg2 Bg7 4. d4 O-O 5. O-O d6 6. c4 Nc6 7. Nc3 a6 8. d5 Na5 9. Nd2 c5 10. Rb1 Rb8 11. b3 b5 12. Qc2 Bf5 13. e4 {E66: King's Indian: Fianchetto: 6...c5 7 0-0 Nc6 8 d5} Bd7 {LiveBook: 35 Games} 14. Re1 (14. Ne2 e6 15. Bb2 exd5 16. cxd5 Re8 17. Rfe1 b4 18. Nf4 Ng4 19. Bxg7 Kxg7 20. Nd3 Bb5 {1-0 (42) Carlsen,M (2853)-Nakamura,H (2787) chess.com INT 2016}) 14... e5 15. Bb2 {White is slightly better.} Bh6 16. Bf1 $146 ({Predecessor:} 16. cxb5 axb5 17. Nd1 Nh5 18. Nf1 f5 19. Bc1 Bxc1 20. Rxc1 f4 21. f3 Qb6 22. Nf2 b4 {0-1 (51) Bruening,U (1982)-Spreng,S (2224) Germany 2012}) 16... Nh5 17. Be2 Ng7 18. Nf1 f5 19. f3 Bg5 20. Bc1 f4 21. Bd2 (21. Nd1 $1 $15) 21... h5 (21... Nh5 $17 22. g4 b4) 22. Nd1 (22. Kh1 $11) 22... Nb7 ({Better is} 22... fxg3 $17 23. hxg3 Bxd2 24. Nxd2 bxc4) 23. Nf2 $11 Qf6 24. a3 Nd8 25. b4 cxb4 26. cxb5 Rc8 27. Qa2 fxg3 28. hxg3 Bxb5 29. Bxb4 Nf7 30. Bxb5 axb5 31. Rb3 Rc4 32. Qe2 Rfc8 (32... h4 $11) 33. Ne3 $14 R4c7 34. Nh3 Bh6 35. Rb2 Ne8 36. Nf1 (36. Bd2 $14) 36... Bc1 37. Ra2 Bh6 38. Kg2 g5 (38... h4 $11) 39. Nf2 $16 Nh8 (39... Ng7 $16 40. Qxb5 g4 41. fxg4 Bg5) 40. Ne3 $18 ({Don't play} 40. Qxb5 $6 g4 $16) 40... Ng7 41. Qxb5 (41. Bd2 $18 {and White stays clearly on top.}) 41... g4 $16 42. fxg4 {And now Nf5 would win.} Bxe3 (42... h4 $16 {is a better defense.}) 43. Rxe3 $18 Qh6 44. Rf3 Qg6 45. g5 (45. Qe2 $18) 45... Nf7 $16 46. Bd2 (46. Qa6 $16) 46... Nxg5 $14 47. Bxg5 Qxg5 48. Qb4 Qg6 49. Kh2 Rc1 {[#]} (49... Ne8 $14) 50. Qd2 ({White should play} 50. a4 $1 $18) 50... Rf1 $2 (50... Ne8 $14) 51. Rc2 $18 Rb8 52. Rc1 Rxc1 53. Qxc1 Ne8 54. Rf5 $2 (54. Kg2 $18) 54... Ng7 $1 $11 {[%cal Rg7f5]} 55. Rf3 $2 {[%mdl 8192]} (55. Rg5 $11 Qf6 56. Nh3) 55... Ne8 $18 56. Rc3 Rb7 57. Rf3 $2 (57. Kg2 $18) 57... Rc7 (57... Rb8 $1 $11 {remains equal.}) 58. Qb2 Kg7 (58... Rf7 $16 {was called for.} 59. Rxf7 Qxf7) 59. Qb8 Rc2 $2 {[%mdl 8192]} (59... Rf7 $16 {is tougher.} 60. Rxf7+ Qxf7) 60. Qd8 Nf6 {[#]} 61. Qe7+ $2 (61. Kg1 $1 $18 Nh7 62. a4) 61... Qf7 $11 {The position is equal.} 62. Qxf7+ Kxf7 63. Kg1 Kg6 64. Rb3 Kf7 65. Rb7+ Ke8 66. Rb8+ {Accuracy: White = 30%, Black = 31%.} 1/2-1/2

[Event "CZE-tht Extraliga 2018-19"]
[Site "Czech Republic"]
[Date "2018.12.02"]
[Round "4"]
[White "Bartos, Jan"]
[Black "Svoboda, Svatopluk"]
[Result "1/2-1/2"]
[WhiteElo "2217"]
[BlackElo "2438"]
[Annotator "TA"]
[PlyCount "36"]
[EventDate "2018.11.03"]
[EventType "team-tourn"]
[EventCountry "CZE"]
[SourceTitle "playchess.com"]
[Source "ChessBase"]
[SourceQuality "1"]
[WhiteTeam "Siesta Solution Unichess B"]
[BlackTeam "Siesta Solution Unichess A"]

{[%evp 18,19,19,-3]} 1. d4 e6 2. e4 d5 3. exd5 exd5 4. Nf3 Nf6 5. Bd3 c5 6. dxc5 Bxc5 7. O-O O-O 8. Bg5 Nc6 9. Nc3 Be6 10. a3 {LiveBook: 4 Games. C01: French: Exchange Variation} (10. Qd2 Re8 11. Rfe1 h6 12. Bh4 d4 13. Bxf6 Qxf6 14. Ne4 Qe7 15. a3 Bb6 16. Re2 a5 17. Ng3 a4 {½-½ (70) Bauer,C (2644)-Ernst,S (2541) Maastricht 2018}) {Predecessor:} 10... h6 $146 11. Bh4 a6 12. Qd2 Re8 13. Rfe1 Bf8 14. Bxf6 Qxf6 15. Rab1 Bd6 16. Ne2 Bg4 17. Qc3 Ne5 18. Nxe5 Rxe5 {0-1 (37) Vujacic,I (2193)-Kosic,D (2498) Bijelo Polje 2016} 1/2-1/2

[Event "CZE-tht Extraliga 2018-19"]
[Site "Czech Republic"]
[Date "2018.12.02"]
[Round "4"]
[White "Miturova, Magdalena"]
[Black "Sodoma, Jan"]
[Result "1-0"]
[WhiteElo "2211"]
[BlackElo "2330"]
[Annotator "RC"]
[PlyCount "99"]
[EventDate "2018.11.03"]
[EventType "team-tourn"]
[EventCountry "CZE"]
[SourceTitle "playchess.com"]
[Source "ChessBase"]
[SourceQuality "1"]
[WhiteTeam "Cesky Tesin"]
[BlackTeam "Turnov"]
[TimeControl "40/5400+30:1800+30"]

1. e4 {[%emt 0:00:00]} e5 {[%emt 0:00:00]} 2. Nf3 {[%emt 0:00:00]} Nc6 {[%emt 0:00:00]} 3. Nc3 {[%emt 0:00:54]} Nf6 {[%emt 0:00:14]} 4. Bb5 {[%emt 0:00:18]} Bd6 {[%emt 0:00:44]} 5. d3 {[%emt 0:08:24]} h6 {[%emt 0:04:14]} 6. h3 {[%emt 0:04:28]} a6 {[%emt 0:05:01]} 7. Bxc6 {[%emt 0:03:15]} dxc6 {[%emt 0:00:09]} 8. Be3 {[%emt 0:03:19]} c5 {[%emt 0:01:07]} 9. Ne2 {[%emt 0:02:37]} Bd7 {[%emt 0:02:48]} 10. Ng3 {[%emt 0:02:59]} O-O {[%emt 0:01:44]} 11. Nh2 {[%emt 0:03:02]} Re8 {[%emt 0:05:46]} 12. Qf3 {[%emt 0:09:08]} Nh7 {[%emt 0:02:48]} 13. Qh5 {[%emt 0:11:07]} Qf6 {[%emt 0:03:35]} 14. O-O-O {[%emt 0:13:05]} Ng5 {[%emt 0:10:54]} 15. Kb1 {[%emt 0:01:40]} Ne6 {[%emt 0:04:54]} 16. Nf5 {[%emt 0:05:12]} Nd4 {[%emt 0:02:19]} 17. Nxd6 {[%emt 0:06:29]} cxd6 {[%emt 0:00:32]} 18. Rdf1 {[%emt 0:01:42]} Qg6 {[%emt 0:02:30]} 19. Qd1 {[%emt 0:04:32]} f5 {[%emt 0:00:33]} 20. exf5 {[%emt 0:07:45]} Nxf5 {[%emt 0:03:38]} 21. g4 {[%emt 0:01:27]} Ne7 {[%emt 0:00:50]} 22. Nf3 {[%emt 0:02:30]} Nd5 {[%emt 0:00:40]} 23. Rhg1 {[%emt 0:02:48]} Rf8 {[%emt 0:11:14]} 24. Nh4 {[%emt 0:01:14]} Qe6 {[%emt 0:02:07]} 25. Nf5 {[%emt 0:01:18]} b5 {[%emt 0:02:27]} 26. c3 {[%emt 0:01:14]} Rab8 {[%emt 0:03:08]} 27. Bc1 {[%emt 0:01:07]} Be8 {[%emt 0:05:57]} 28. Qb3 {[%emt 0:01:39]} Bc6 {[%emt 0:04:34]} 29. Ne3 {[%emt 0:00:39]} b4 {[%emt 0:01:59]} 30. Nxd5 {[%emt 0:00:30]} Bxd5 {[%emt 0:00:08]} 31. c4 {[%emt 0:00:06]} Bf3 {[%emt 0:00:33]} 32. Re1 {[%emt 0:00:53]} Qg6 {[%emt 0:01:14]} 33. Rg3 {[%emt 0:00:25]} a5 {[%emt 0:00:36]} 34. h4 {[%emt 0:00:36]} a4 {[%emt 0:06:18]} 35. h5 {[%emt 0:00:07]} Qe8 {[%emt 0:04:43]} 36. Qc2 {[%emt 0:00:03]} b3 {[%emt 0:00:08]} 37. Qd2 {[%emt 0:00:59]} bxa2+ {[%emt 0:02:17]} 38. Ka1 {[%emt 0:00:40]} Rb7 {[%emt 0:02:19]} 39. g5 {[%emt 0:00:39]} Bxh5 {[%emt 0:01:30]} 40. gxh6 {[%emt 0:00:28]} g6 {[%emt 0:00:20]} 41. f4 {[%emt 0:07:01]} Re7 {[%emt 0:03:23]} 42. fxe5 {[%emt 0:02:15]} Rxe5 {[%emt 0:00:10]} 43. Rxe5 {[%emt 0:00:34]} Qxe5 {[%emt 0:02:08]} 44. Re3 {[%emt 0:08:59]} Qf6 {[%emt 0:00:08]} 45. Kxa2 {[%emt 0:02:38]} Kh7 {[%emt 0:01:08]} 46. Qe1 {[%emt 0:01:01]} Bf3 {[%emt 0:03:35]} 47. Bd2 {[%emt 0:01:39]} d5 {[%emt 0:02:31]} 48. Re6 {[%emt 0:03:10]} Qf5 {[%emt 0:00:21]} 49. Re5 {[%emt 0:01:19]} Qf6 {[%emt 0:00:06]} 50. Bg5 {[%emt 0:01:42]} 1-0

[Event "CZE-tht Extraliga 2018-19"]
[Site "Czech Republic"]
[Date "2018.12.02"]
[Round "4"]
[White "Jascenko, Olga"]
[Black "Rydl, Jiri"]
[Result "0-1"]
[WhiteElo "2127"]
[BlackElo "2420"]
[Annotator "TA"]
[PlyCount "104"]
[EventDate "2018.11.03"]
[EventType "team-tourn"]
[EventCountry "CZE"]
[SourceTitle "playchess.com"]
[Source "ChessBase"]
[SourceQuality "1"]
[WhiteTeam "Siesta Solution Unichess B"]
[BlackTeam "Siesta Solution Unichess A"]

{[%evp 19,104,-12,-26,-27,-8,-101,-119,-108,-102,-85,-96,-113,-100,-145,-157,-141,-149,-193,-192,-185,-178,-237,-238,-241,-239,-279,-281,-270,-256,-279,-280,-260,-251,-273,-233,-252,-240,-240,-241,-245,-196,-198,-198,-197,-179,-177,-173,-158,-164,-175,-179,-165,-125,-134,-126,-212,-179,-231,-226,-262,-245,-224,-218,-224,-209,-497,-484,-742,-742,-685,-689,-512,-497,-12834,-11400,-12838,-12839,-12841,-12842,-12844,-12844,-12846,-12847,-29987,-29988,-29988,-29989]} 1. d4 Nf6 2. c4 e6 3. Nc3 Bb4 4. e3 O-O 5. Nge2 c6 (5... Re8 6. a3 Bf8 7. d5 d6 8. g3 exd5 9. cxd5 c5 10. Bg2 Nbd7 11. O-O c4 12. Nd4 Nc5 13. Qe2 Nd3 14. b3 Nxc1 15. Rfxc1 cxb3 {½-½ (74) Caruana,F (2822)-So,W (2780) Saint Louis 2018}) 6. a3 {E46: Nimzo-Indian: Rubinstein: 4 e3 0-0 5 Ne2 without early Bd3} Ba5 7. b4 Bc7 8. e4 d5 9. e5 Ne8 10. Ng3 f6 {LiveBook: 4 Games} 11. f4 a5 {Strongly threatening ...axb4.} 12. Be3 (12. b5 $11) 12... axb4 $17 13. axb4 Rxa1 14. Qxa1 g5 $146 ({Predecessor:} 14... fxe5 15. fxe5 {½-½ (36) Liu,Y (2089)-Sukandar,I (2366) Shenzhen 2011}) 15. Qd1 gxf4 16. Bxf4 fxe5 17. Qg4+ Kh8 18. dxe5 Nd7 19. Bg5 Nxe5 20. Qh4 (20. Bxd8 {was worth a try.} Nxg4 21. Bxc7 Nxc7 22. cxd5) 20... Qd7 $19 21. Be2 Ng6 (21... Qf7 22. Rf1 $17) 22. Qd4+ Be5 23. Qd2 Qd6 24. c5 Qc7 25. Nh5 Ng7 ({Not} 25... Qf7 26. Rf1 $17) 26. Bh6 Rf7 27. Rf1 Rxf1+ 28. Kxf1 Nxh5 29. Bxh5 Bf4 30. Bxf4 Qxf4+ ({Don't play} 30... Nxf4 31. Qf2 $17) 31. Qxf4 Nxf4 {[%mdl 4096] Endgame KBN-KBN} 32. Bg4 Bd7 33. Na4 Kg7 34. Nb6 Be8 35. g3 Nd3 $1 36. Bxe6 Nxb4 37. Bc8 {[#]} (37. Bf5 $17) 37... Kf6 $1 38. Ke2 {[#]} (38. Bxb7 $142 Ke5 39. Bc8) 38... Ke5 $1 39. Bxb7 Kd4 40. Na4 Bh5+ 41. Kd2 Bg4 42. Nb6 $2 (42. h4) 42... Kxc5 43. Bc8 (43. Nc8 $142 Bd7 44. Ne7) 43... Bxc8 ({Weaker is} 43... Kxb6 44. Bxg4 d4 45. Be6 $17) 44. Nxc8 {KN-KN} Kd4 45. Nd6 c5 {[%cal Bc6c5,Bc5c4,Bc4c3,Bc3c2][%mdl 32]} 46. h4 (46. Nb5+ $142 Kc4 47. Nc3) 46... c4 47. Nf5+ Ke5 48. g4 d4 {[%cal Bd5d4,Bd4d3][%mdl 32]} 49. h5 c3+ 50. Kd1 d3 51. h6 c2+ 52. Kd2 Na2 {Accuracy: White = 39%, Black = 96%.} 0-1